Empirical analysis of macroeconomic time series. VAR and structural models.
Komplementárna úloha modelu VAR (vektorový autoregresívny model) a štruktúrnych ekonometrických modelov pri modelovaní makroekonomických časových radov. Dôležitosť empirických údajov v rozvoji, hodnotení a testovaní ekonomických teórií. VAR a štruktúrne modelovanie. Modely stanovovania miezd a cien.
Gespeichert in:
| 1. Verfasser: | |
|---|---|
| Weitere Verfasser: | |
| Format: | Buchkapitel |
| Sprache: | Englisch |
| Schlagworte: | |
| Tags: |
Keine Tags, Fügen Sie das erste Tag hinzu!
|
MARC
| LEADER | 00000naa a2200000 4500 | ||
|---|---|---|---|
| 001 | r005606 | ||
| 005 | 20221130103107.8 | ||
| 041 | 0 | |a eng | |
| 044 | |a NL | ||
| 245 | 1 | 0 | |a Empirical analysis of macroeconomic time series. |b VAR and structural models. |c M.P. Clements, G.E. Mizon |
| 520 | |a Komplementárna úloha modelu VAR (vektorový autoregresívny model) a štruktúrnych ekonometrických modelov pri modelovaní makroekonomických časových radov. Dôležitosť empirických údajov v rozvoji, hodnotení a testovaní ekonomických teórií. VAR a štruktúrne modelovanie. Modely stanovovania miezd a cien. | ||
| 610 | 2 | 0 | |a modely regresné |
| 610 | 2 | 0 | |a modely štruktúrne |
| 610 | 2 | 0 | |a modely ekonometrické |
| 610 | 2 | 0 | |a modely makroekonomické |
| 610 | 2 | 0 | |a rady časové |
| 610 | 2 | 0 | |a VAR |
| 610 | 2 | 0 | |a modely |
| 610 | 2 | 0 | |a ceny |
| 610 | 2 | 0 | |a mzdy |
| 100 | 1 | |a Clements, M.P. | |
| 700 | 1 | |a Mizon, G.E. | |